000
00304nam a22001217a 4500
008
230622b xxu||||| |||| 00| 0 eng d
082
_a
329.95
_b
GHO
100
_c
Sankar Ghose
245
_a
Indian National Congress
_b
Its History and Heritage
260
_b
V.N Malhotra
300
_a
390p
942
_2
ddc
_c
BK
999
_c
2351
_d
2351